SOIL FERTILITY AND FERTILIZERS (Record no. 12944)

MARC details
000 -LEADER
fixed length control field 00453nam a22001817a 4500
003 - CONTROL NUMBER IDENTIFIER
control field OSt
005 - DATE AND TIME OF LATEST TRANSACTION
control field 20211015102510.0
008 - FIXED-LENGTH DATA ELEMENTS--GENERAL INFORMATION
fixed length control field 211015b |||||||| |||| 00| 0 eng d
020 ## - INTERNATIONAL STANDARD BOOK NUMBER
International Standard Book Number 0024208604
040 ## - CATALOGING SOURCE
Transcribing agency HAWASSA UNIVERSITY
050 ## - LIBRARY OF CONGRESS CALL NUMBER
Classification number 631.4/TIS
Item number 3
082 ## - DEWEY DECIMAL CLASSIFICATION NUMBER
Edition number 3
Classification number 631.4/TIS
Item number 3
100 ## - MAIN ENTRY--PERSONAL NAME
Personal name TISDALE SAMUEI L.
9 (RLIN) 13871
245 ## - TITLE STATEMENT
Title SOIL FERTILITY AND FERTILIZERS
260 ## - PUBLICATION, DISTRIBUTION, ETC.
Place of publication, distribution, etc. NEW YORK
Name of publisher, distributor, etc. LONDON
Date of publication, distribution, etc. 1975
300 ## - PHYSICAL DESCRIPTION
Extent 694
942 ## - ADDED ENTRY ELEMENTS (KOHA)
Source of classification or shelving scheme Dewey Decimal Classification
Koha item type Books like text book referance book
Suppress in OPAC No
Holdings
Withdrawn status Lost status Source of classification or shelving scheme Damaged status Not for loan Home library Current library Date acquired Full call number Barcode Date last seen Copy number Price effective from Koha item type Total Checkouts
    Dewey Decimal Classification     College of Agriculture Library College of Agriculture Library 10/15/2021 631.4/TIS ALIB0000538 10/15/2021 2 10/15/2021 Books like text book referance book  
    Dewey Decimal Classification     College of Agriculture Library College of Agriculture Library 10/15/2021 631.4/TIS ALIB0000537 10/15/2021 1 10/15/2021 Books like text book referance book  
    Dewey Decimal Classification     College of Agriculture Library College of Agriculture Library 10/15/2021 631.4/TIS ALIB0000541 10/15/2021 1 10/15/2021 Books like text book referance book  
    Dewey Decimal Classification     College of Agriculture Library College of Agriculture Library 10/20/2021 631.4/TIS ALIB0000540 10/20/2021   10/20/2021 Books like text book referance book  
    Dewey Decimal Classification     College of Agriculture Library College of Agriculture Library 10/20/2021 631.4/TIS ALIB0001268 10/20/2021 1 10/20/2021 Books like text book referance book